|
|
|
|
| LEADER |
00000nam0a2200000 4500 |
| 001 |
39924 |
| 005 |
20231031011904.0 |
| 035 |
|
|
|a (RuTPU)RU\TPU\book\40802
|
| 090 |
|
|
|a 39924
|
| 100 |
|
|
|a 20020415d1977 k y0rusy50 ca
|
| 101 |
1 |
|
|a rus
|c eng
|
| 102 |
|
|
|a RU
|
| 105 |
|
|
|a a z 001zy
|
| 200 |
1 |
|
|a Марковские процессы принятия решений
|e пер. с англ.
|f Х. Майн, С. Осаки
|
| 210 |
|
|
|a Москва
|c Наука
|d 1977
|
| 215 |
|
|
|a 175 с.
|c ил.
|
| 320 |
|
|
|a Библиогр.: с. 168-175.
|
| 610 |
1 |
|
|a математика
|
| 610 |
1 |
|
|a Марковские процессы
|
| 610 |
1 |
|
|a принятие решений
|
| 610 |
1 |
|
|a полумарковские процессы
|
| 675 |
|
|
|a 519.2
|v 3
|
| 700 |
|
1 |
|a Майн
|b Х.
|g Хисаси
|
| 701 |
|
1 |
|a Осаки
|b С.
|g Сундзи
|
| 801 |
|
1 |
|a RU
|b 63413507
|c 20020415
|g PSBO
|
| 801 |
|
2 |
|a RU
|b 63413507
|c 20070712
|g PSBO
|
| 942 |
|
|
|c BK
|